00814nam a22001817a 4500003000400000005001700004008004100021040001400062100004100076245020100117260000900318300003100327500011000358504002800468942001600496999001500512952010500527OSt20171010095447.0120621t xxu||||| |||| 00| 0 eng d aMMSUcUlS aAdriatico, Harold A., et al. 910539 aInvestigation on the electrical utilization equipment in the different school buildings and offices of the Mariano Marcos State University (Batac and Laoag Campuses) cHarold A. Adriatico, et al.  c3411 axi, [144] leaves c28 cm.  aThesis (BS Electrical Engineering) -- Mariano Marcos State University-College of Engineering, Batac City  aBibliography: leaf 34  2ddccTHEDIS c9578d9578 00102lcc4070aREFbREFd2012-06-21l0p3411-Un r2017-10-10w2017-10-10yTHEDISzLibrary Use only